| 000 | 00454nam a2200169Ia 4500 | ||
|---|---|---|---|
| 003 | GCL | ||
| 008 | 140319s9999 xx 000 0 ara d | ||
| 040 |
_aGCL / _cGCL |
||
| 082 | 0 | 4 |
_a863.03 _bا ا |
| 100 | 1 | _aاندريتش , ايفو | |
| 245 | 1 | 0 |
_aالانسة / _cاندريتش , ايفو |
| 490 |
_aروايات الهلال _v0 |
||
| 650 | 0 | 4 | _aالادب |
| 650 | 0 | 4 | _aالقصة |
| 650 | 0 | 4 | _aالادب اليوغسلافى |
| 942 |
_2ddc _cBK |
||
| 999 |
_c41884 _d41884 |
||